[Event "Campeonato Brasileiro Amador 2015"]
[Site "Esporte Clube Pinheiros, São P"]
[Date "2015.04.30"]
[Round "1.29"]
[White "Da Silva Junior, Sediney Mari"]
[Black "Crul, Otavio Augusto Barro"]
[Result "1-0"]
[WhiteElo "1970"]
[BlackElo "1623"]
[PlyCount "31"]
[EventDate "2015.04.30"]

1. e4 e5 2. Nc3 Nc6 3. Bc4 Bc5 4. Qg4 Qf6 5. Nd5 Qxf2+ 6. Kd1 Kf8 7. Nh3 Qd4 8.
d3 Nf6 9. Qf3 Nxd5 10. c3 Qxc4 11. dxc4 Nf6 12. Bg5 Ke7 13. Bxf6+ gxf6 14. b4
Nxb4 15. cxb4 Bxb4 16. Rf1 1-0

[Event "Campeonato Brasileiro Amador 2015"]
[Site "Esporte Clube Pinheiros, São P"]
[Date "2015.04.30"]
[Round "1.30"]
[White "Dutra, Liliam Guedes"]
[Black "Leon Lopes, Sergio Amadeus"]
[Result "0-1"]
[WhiteElo "1623"]
[BlackElo "1967"]
[PlyCount "64"]
[EventDate "2015.04.30"]

1. d4 Nf6 2. c4 e6 3. Nc3 Bb4 4. Nf3 b6 5. a3 Bxc3+ 6. bxc3 Ba6 7. e3 O-O 8.
Be2 Ne4 9. Qc2 f5 10. O-O d5 11. Ne5 Qe8 12. a4 Nd6 13. Ba3 Rf6 14. cxd5 Bxe2
15. Qxe2 exd5 16. Qa2 Qe6 17. Rfc1 Nc4 18. Nxc4 dxc4 19. Rd1 Qd5 20. Qe2 Nc6
21. Rab1 a6 22. Bb4 Re8 23. Re1 Rfe6 24. Rb2 f4 25. Qg4 Rg6 26. Qh3 h6 27. g3
f3 28. Qf1 Rge6 29. Reb1 g5 30. h3 h5 31. g4 hxg4 32. hxg4 Rh6 0-1

[Event "Campeonato Brasileiro Amador 2015"]
[Site "Esporte Clube Pinheiros, São P"]
[Date "2015.04.30"]
[Round "1.31"]
[White "Desideri, Ricardo Maruchi"]
[Black "Lopes, Edson"]
[Result "1-0"]
[WhiteElo "1965"]
[BlackElo "1612"]
[PlyCount "59"]
[EventDate "2015.04.30"]

1. e4 e5 2. f4 d6 3. Nf3 exf4 4. d4 Nf6 5. Nc3 Nc6 6. Bxf4 Be7 7. Bc4 O-O 8.
O-O Na5 9. Bd3 b6 10. e5 dxe5 11. dxe5 Ng4 12. h3 Bc5+ 13. Kh1 Nf2+ 14. Rxf2
Bxf2 15. Ng5 h6 16. Bh7+ Kh8 17. Nxf7+ Rxf7 18. Qxd8+ Kxh7 19. Qd3+ Kg8 20. Qf3
Bb7 21. Qxf2 Raf8 22. Ne2 g5 23. Qg3 Nc4 24. b3 Nd2 25. Bxd2 Rf2 26. Re1 Rxg2
27. Qxg2 Bxg2+ 28. Kxg2 Re8 29. Nd4 Rd8 30. e6 1-0

[Event "Campeonato Brasileiro Amador 2015"]
[Site "Esporte Clube Pinheiros, São P"]
[Date "2015.04.30"]
[Round "1.32"]
[White "Meirelles, Olyntho Vitoria"]
[Black "Guimaraes, Artemis Pamela"]
[Result "0-1"]
[WhiteElo "1585"]
[BlackElo "1963"]
[PlyCount "56"]
[EventDate "2015.04.30"]

1. e4 e5 2. f4 Bc5 3. Nf3 d6 4. f5 Nf6 5. Bc4 Nxe4 6. d3 Nf2 7. Qe2 Nxh1 8. d4
Bb6 9. dxe5 d5 10. Bd3 Nf2 11. Bg5 Nxd3+ 12. cxd3 Qd7 13. e6 Qd6 14. exf7+ Kxf7
15. Ne5+ Qxe5 16. Qxe5 Re8 17. Qxe8+ Kxe8 18. g4 Nc6 19. Nc3 Nd4 20. O-O-O c6
21. Re1+ Kf8 22. Be7+ Kf7 23. Bd6 Bd8 24. Nd1 Bg5+ 25. Kb1 Bd7 26. Be5 Nf3 27.
Re2 Re8 28. d4 Nxd4 0-1

[Event "Campeonato Brasileiro Amador 2015"]
[Site "Esporte Clube Pinheiros, São P"]
[Date "2015.04.30"]
[Round "1.33"]
[White "Rodrigo Da Silva, Edson"]
[Black "Souza, Bruna Garcia De"]
[Result "1-0"]
[WhiteElo "1963"]
[BlackElo "1584"]
[PlyCount "74"]
[EventDate "2015.04.30"]

1. d4 d5 2. c4 c6 3. Nc3 e6 4. e4 Bb4 5. e5 Ne7 6. a3 Bxc3+ 7. bxc3 b6 8. cxd5
cxd5 9. Bd3 Nd7 10. Qg4 Ng6 11. h4 h5 12. Qg3 Ndf8 13. a4 Qc7 14. Ne2 f5 15.
O-O Qf7 16. a5 Nd7 17. Ba3 Bb7 18. Bd6 Ne7 19. Nf4 Nc8 20. Bb4 Rh6 21. Nh3 Qg6
22. Ng5 Ne7 23. axb6 Nxb6 24. Bc5 Nec8 25. Bb5+ Kd8 26. Rfb1 Kc7 27. Qf4 a6 28.
Bd6+ Kd8 29. Bd3 a5 30. Bc5 Kc7 31. Qc1 Ba6 32. Bxa6 Rxa6 33. Qb2 Qe8 34. Rxa5
Rxa5 35. Bxb6+ Nxb6 36. Qxb6+ Kc8 37. Qb8+ Kd7 1-0

[Event "Campeonato Brasileiro Amador 2015"]
[Site "Esporte Clube Pinheiros, São P"]
[Date "2015.04.30"]
[Round "1.34"]
[White "Bocca, Edson Ricardo"]
[Black "Ribeiro, Pablyto Robert Baioc"]
[Result "1/2-1/2"]
[WhiteElo "1583"]
[BlackElo "1955"]
[PlyCount "67"]
[EventDate "2015.04.30"]

1. e4 e5 2. Nf3 Nc6 3. Bb5 a6 4. Ba4 Nf6 5. d3 h6 6. Bd2 b5 7. Bb3 Bc5 8. h3 d6
9. a3 Nd4 10. Nxd4 Bxd4 11. Bc3 Bb6 12. Bd2 Qe7 13. Nc3 Be6 14. Ba2 Bxa2 15.
Nxa2 a5 16. Qe2 c6 17. Be3 Qc7 18. Bxb6 Qxb6 19. Qe3 Qxe3+ 20. fxe3 Ke7 21. Nc3
b4 22. Ne2 c5 23. a4 c4 24. Ng3 cxd3 25. cxd3 g6 26. Kd2 Rac8 27. Rhc1 h5 28.
Rxc8 Rxc8 29. Rc1 Rxc1 30. Kxc1 Ke6 31. Kd2 h4 32. Ne2 g5 33. Nc1 Nd7 34. Nb3
1/2-1/2

[Event "Campeonato Brasileiro Amador 2015"]
[Site "Esporte Clube Pinheiros, São P"]
[Date "2015.04.30"]
[Round "1.35"]
[White "Ribeiro, Marcos Willian De So"]
[Black "Pereira, Daniele Costa"]
[Result "1-0"]
[WhiteElo "1948"]
[BlackElo "1582"]
[PlyCount "91"]
[EventDate "2015.04.30"]

1. e4 e6 2. d4 d5 3. Nc3 dxe4 4. Nxe4 Nd7 5. Nf3 Ngf6 6. Ng3 Be7 7. Bd3 c5 8.
c3 cxd4 9. Nxd4 Qb6 10. O-O Ne5 11. Be2 O-O 12. Qb3 Qa5 13. a3 Bd7 14. Qxb7
Rfb8 15. Qa6 Qb6 16. Qxb6 Rxb6 17. a4 Nc6 18. Nxc6 Bxc6 19. b4 Rd8 20. Be3 Rb7
21. b5 Be8 22. c4 Nd7 23. Rfd1 Rc7 24. Ne4 h6 25. a5 f5 26. Nd6 Bxd6 27. Rxd6
Kf7 28. b6 axb6 29. Bxb6 Nxb6 30. Rxd8 Nc8 31. Bh5+ g6 32. Bxg6+ Kxg6 33. Rxe8
Kf7 34. Rh8 Kg7 35. Rxc8 Rxc8 36. a6 Ra8 37. a7 Kf7 38. Kf1 Ke7 39. Ke2 e5 40.
Ra6 h5 41. Ke3 Kf7 42. c5 Ke7 43. Kd3 Kd7 44. Kc4 Kc7 45. Kd5 Kb7 46. Ra2 1-0

[Event "Campeonato Brasileiro Amador 2015"]
[Site "Esporte Clube Pinheiros, São P"]
[Date "2015.04.30"]
[Round "1.36"]
[White "Yoshioka, Hugo"]
[Black "Cordioli, Jairo Ribeiro"]
[Result "0-1"]
[WhiteElo "1578"]
[BlackElo "1945"]
[PlyCount "114"]
[EventDate "2015.04.30"]

1. d4 Nf6 2. c4 g6 3. Nf3 Bg7 4. Nc3 O-O 5. Bg5 c5 6. e3 cxd4 7. Nxd4 Nc6 8.
Be2 d6 9. O-O a6 10. Rc1 Re8 11. a3 Bd7 12. b4 Nxd4 13. exd4 Rc8 14. c5 dxc5
15. dxc5 Bc6 16. Qb3 b5 17. Rfd1 Qc7 18. h3 Qb7 19. f3 e5 20. Rd6 Nh5 21. Nd5
Bf8 22. Nf6+ Nxf6 23. Rxf6 h6 24. Rxg6+ Kh7 25. Rxc6 Rxc6 26. Bd3+ e4 27. Bxe4+
Rxe4 28. fxe4 hxg5 29. Qd5 f6 30. Qf5+ Kg7 31. Rd1 Rc7 32. Rf1 Be7 33. e5 Qc6
34. e6 Rc8 35. Rd1 Rd8 36. Rd7 Rxd7 37. exd7 Kf7 38. Kf2 Bd8 39. g4 Kg7 40. Kg3
Bc7+ 41. Kf2 Bd8 42. Kg3 Qh1 43. Qd3 Qg1+ 44. Kf3 Qh2 45. Ke4 Qf4+ 46. Kd5 Qe5+
47. Kc6 Qc7+ 48. Kd5 Qxd7+ 49. Ke4 Qxd3+ 50. Kxd3 Kf7 51. Kd4 Ke6 52. Ke4 Bc7
53. Kd4 Be5+ 54. Ke4 Bb2 55. c6 Kd6 56. Kf5 Kxc6 57. Ke6 Bc3 0-1

[Event "Campeonato Brasileiro Amador 2015"]
[Site "Esporte Clube Pinheiros, São P"]
[Date "2015.04.30"]
[Round "1.37"]
[White "Ikeda, Vinicius Yasuto"]
[Black "Ferreira, Rafael Cassoni Buelo"]
[Result "1-0"]
[WhiteElo "1944"]
[BlackElo "1569"]
[PlyCount "99"]
[EventDate "2015.04.30"]

1. d4 Nf6 2. c4 e5 3. dxe5 Ng4 4. Nf3 Nc6 5. Bg5 Be7 6. Bf4 d6 7. exd6 cxd6 8.
e3 Nf6 9. Be2 O-O 10. O-O Bg4 11. h3 Bh5 12. Nc3 Qb6 13. Qd2 Na5 14. Na4 Qc6
15. Qxa5 b6 16. Qb5 Qe4 17. Ng5 Qg6 18. Bxh5 Nxh5 19. Nf3 a6 20. Qd7 Bf6 21.
Nxb6 Rab8 22. Qc6 Bxb2 23. Rad1 Nxf4 24. exf4 Ba3 25. Nd7 Rfc8 26. Qa4 Rb7 27.
Qxa3 Rxd7 28. Ne5 dxe5 29. Rxd7 Rf8 30. fxe5 Qe6 31. Qe7 Qxe7 32. Rxe7 h6 33.
c5 Rc8 34. Rc1 Kf8 35. Ra7 g5 36. Rxa6 Kg7 37. c6 Kg6 38. c7+ Kf5 39. Rd6 g4
40. hxg4+ Kxe5 41. Rd8 h5 42. Rxc8 f5 43. Re8+ Kf4 44. Rc4+ Kg5 45. gxh5 f4 46.
c8=Q f3 47. Qc5+ Kf6 48. Rf4+ Kg7 49. Qg5+ Kh7 50. Qg6# 1-0

[Event "Campeonato Brasileiro Amador 2015"]
[Site "Esporte Clube Pinheiros, São P"]
[Date "2015.04.30"]
[Round "1.38"]
[White "Vilas Boas, Crisolon Terto"]
[Black "Peixoto, Helio Ricardo Soutin"]
[Result "0-1"]
[WhiteElo "1568"]
[BlackElo "1943"]
[PlyCount "74"]
[EventDate "2015.04.30"]

1. Nf3 b6 2. c4 Bb7 3. e3 Nf6 4. b3 e6 5. Bb2 Be7 6. Nc3 O-O 7. Rc1 d6 8. Bd3
Nbd7 9. O-O Nc5 10. Bb1 e5 11. b4 Ne6 12. Nd5 Nxd5 13. cxd5 Bxd5 14. d4 e4 15.
Nd2 f5 16. f4 Qe8 17. a4 a5 18. b5 g5 19. Bc2 gxf4 20. exf4 Bf6 21. Bb3 Bxb3
22. Qxb3 Qf7 23. Rf2 Nxd4 24. Qe3 Ne6 25. Bxf6 Qxf6 26. Nf1 Nc5 27. Rc4 d5 28.
Rd4 Rad8 29. Ng3 Ne6 30. Rd1 d4 31. Qb3 Kh8 32. Rc2 Nc5 33. Qc4 d3 34. Rc3 Rd4
35. Qa2 Rxa4 36. Qd5 Qd4+ 37. Qxd4+ Rxd4 0-1

[Event "Campeonato Brasileiro Amador 2015"]
[Site "Esporte Clube Pinheiros, São P"]
[Date "2015.04.30"]
[Round "1.39"]
[White "Rocha, Arthur Ferreira"]
[Black "Castro, Leonardo Nascimento"]
[Result "1-0"]
[WhiteElo "1943"]
[BlackElo "1550"]
[PlyCount "77"]
[EventDate "2015.04.30"]

1. e4 c5 2. Nf3 Nc6 3. d4 cxd4 4. Nxd4 Nf6 5. Nc3 g6 6. Be2 Bg7 7. Be3 O-O 8.
f3 Qb6 9. Nxc6 Qxc6 10. Qd2 a6 11. O-O-O d6 12. Bh6 Be6 13. Bxg7 Kxg7 14. g4 b5
15. g5 Nd7 16. Qd4+ f6 17. a3 Qc5 18. h4 Qxd4 19. Rxd4 fxg5 20. hxg5 Ne5 21.
Rf1 Rf4 22. a4 Raf8 23. axb5 axb5 24. Nxb5 Nxf3 25. Bxf3 Rxf3 26. Rxf3 Rxf3 27.
Nc7 Bc8 28. Kd2 Rg3 29. Rc4 Kf7 30. b4 Rxg5 31. b5 Rc5 32. Rxc5 dxc5 33. c4 e6
34. e5 Ke7 35. Na6 Kd7 36. Nxc5+ Kc7 37. Ne4 Bb7 38. Ng5 Be4 39. Nxe4 1-0

[Event "Campeonato Brasileiro Amador 2015"]
[Site "Esporte Clube Pinheiros, São P"]
[Date "2015.04.30"]
[Round "1.40"]
[White "Silvestre Da Silva, Sidnei"]
[Black "Lisboa Torres, Eduardo"]
[Result "1-0"]
[WhiteElo "1542"]
[BlackElo "1941"]
[PlyCount "77"]
[EventDate "2015.04.30"]

1. d4 Nf6 2. Bf4 d5 3. e3 c5 4. c3 c4 5. Nd2 a5 6. a4 Nc6 7. Ngf3 Bg4 8. Be2
Nh5 9. Ne5 Nxf4 10. exf4 Nxe5 11. fxe5 Bf5 12. O-O Qb6 13. b3 cxb3 14. Qxb3
Qxb3 15. Nxb3 Bc2 16. Nc5 b6 17. Rfc1 Bf5 18. Bb5+ Kd8 19. Nb3 e6 20. c4 dxc4
21. Rxc4 Rc8 22. Rac1 Rxc4 23. Rxc4 Bd3 24. Rc6 Bxb5 25. axb5 a4 26. Nc1 a3 27.
Rxb6 Kc7 28. Ra6 Kb7 29. Nd3 Be7 30. Nc5+ Bxc5 31. dxc5 Rd8 32. g3 Rd5 33. c6+
Kb8 34. b6 Rd1+ 35. Kg2 Rc1 36. b7 Rxc6 37. Rxc6 Kxb7 38. Rc2 Kb6 39. Ra2 1-0

[Event "Campeonato Brasileiro Amador 2015"]
[Site "Esporte Clube Pinheiros, São "]
[Date "2015.04.30"]
[Round "1.41"]
[White "Maia, Jonathan Cesar"]
[Black "Schultz, Rauanda"]
[Result "1/2-1/2"]
[WhiteElo "1940"]
[BlackElo "1540"]
[PlyCount "108"]
[EventDate "2015.04.30"]

1. d4 d5 2. c4 e6 3. cxd5 exd5 4. Nc3 Nf6 5. Bg5 Be7 6. e3 c6 7. Bd3 O-O 8. Qc2
h6 9. Bxf6 Bxf6 10. Nge2 Re8 11. O-O Nd7 12. b4 Nb6 13. b5 Bd7 14. bxc6 Bxc6
15. a4 Rc8 16. a5 Nd7 17. Qb3 Nf8 18. Nf4 Qd6 19. Nfxd5 Bd8 20. Bc4 Qg6 21. Nf4
Qf5 22. d5 Bd7 23. Nb5 Bxb5 24. Bxb5 Re5 25. Bd3 Qd7 26. Rfd1 a6 27. Ne2 Rc5
28. e4 Bxa5 29. Rxa5 Rxa5 30. Qc3 Rexd5 31. exd5 Rxd5 32. Qc2 Ne6 33. Nc3 Rd4
34. Be2 b5 35. g3 Qc6 36. Qb2 Ng5 37. h4 Nh3+ 38. Kh2 Nxf2 39. Rf1 Ng4+ 40.
Bxg4 Rxg4 41. Qb3 Qc7 42. Nd5 Qd7 43. Qf3 Rd4 44. Nf4 Rd2+ 45. Rf2 Rxf2+ 46.
Qxf2 Qc6 47. Qd2 Qc4 48. Qa5 b4 49. Nd5 b3 50. Ne7+ Kh7 51. Qd8 f6 52. Qe8 b2
53. Qg6+ Kh8 54. Qe8+ Kh7 1/2-1/2

[Event "Campeonato Brasileiro Amador 2015"]
[Site "Esporte Clube Pinheiros, São P"]
[Date "2015.04.30"]
[Round "1.42"]
[White "Assad, Otavio"]
[Black "Viaro Baccarin, Natalia"]
[Result "0-1"]
[WhiteElo "1539"]
[BlackElo "1940"]
[PlyCount "90"]
[EventDate "2015.04.30"]

1. d4 d5 2. e3 Nf6 3. Bd3 b6 4. f4 Nbd7 5. Nf3 Bb7 6. c3 e6 7. O-O Ne4 8. Nbd2
Be7 9. Qe1 f5 10. Ne5 O-O 11. Be2 Nxe5 12. fxe5 Ba6 13. Rf3 Bh4 14. Qd1 g5 15.
c4 g4 16. Rf1 Nxd2 17. Qxd2 Bxc4 18. Bd3 Bxd3 19. Qxd3 c5 20. b3 Qd7 21. Ba3
Be7 22. Bb2 Rfc8 23. Qe2 b5 24. h3 h5 25. hxg4 hxg4 26. g3 c4 27. bxc4 bxc4 28.
Bc3 Kg7 29. Rf2 Bg5 30. Rg2 Rh8 31. e4 dxe4 32. Qxc4 Rac8 33. Qb3 Be3+ 34. Kf1
Rxc3 35. Qxc3 Bxd4 36. Rd1 Rh1+ 37. Ke2 Rxd1 38. Qb3 Rd3 39. Qb8 Re3+ 40. Kf1
Rf3+ 41. Ke2 Bb6 42. Qd6 Qxd6 43. exd6 Rd3 44. Ke1 Rxd6 45. Rc2 Rd3 0-1

[Event "Campeonato Brasileiro Amador 2015"]
[Site "Esporte Clube Pinheiros, São "]
[Date "2015.04.30"]
[Round "1.43"]
[White "Das Chagas, David Ferreira"]
[Black "Paiva, Paulo Ricardo Gonca"]
[Result "1-0"]
[WhiteElo "1940"]
[BlackElo "1513"]
[PlyCount "55"]
[EventDate "2015.04.30"]

1. d4 d5 2. c4 c6 3. Nf3 Nf6 4. Nc3 dxc4 5. a4 Bf5 6. e3 e6 7. Bxc4 Bb4 8. O-O
Nbd7 9. h3 h6 10. Qb3 a5 11. Nd2 Nb6 12. Be2 Bxc3 13. bxc3 Qc7 14. Ba3 Nbd5 15.
c4 Ne7 16. Bf3 Rb8 17. e4 Bh7 18. e5 Nd7 19. Bd6 Qc8 20. Bxb8 Qxb8 21. Ne4 Nf5
22. Qc3 Qa7 23. Rfd1 Ke7 24. Rac1 Rd8 25. d5 cxd5 26. cxd5 Nh4 27. Qa3+ Ke8 28.
Nd6+ 1-0

[Event "Campeonato Brasileiro Amador 2015"]
[Site "Esporte Clube Pinheiros, São "]
[Date "2015.04.30"]
[Round "1.44"]
[White "Nunes, Marcela Andreia Dia"]
[Black "Ribeiro, Jose Joselito"]
[Result "1/2-1/2"]
[WhiteElo "1497"]
[BlackElo "1928"]
[PlyCount "72"]
[EventDate "2015.04.30"]

1. d4 Nf6 2. c4 g6 3. Nc3 d5 4. cxd5 Nxd5 5. e4 Nxc3 6. bxc3 c5 7. Bc4 Bg7 8.
Ne2 O-O 9. O-O Nc6 10. Be3 Qa5 11. Qc2 e6 12. Rab1 a6 13. a4 Qc7 14. Qb2 Na5
15. Ba2 c4 16. Ra1 Bd7 17. d5 b5 18. axb5 axb5 19. dxe6 fxe6 20. Nd4 Bxd4 21.
Bxd4 Nb7 22. Qe2 Nd6 23. Be5 Qc5 24. Bd4 Qc6 25. f3 Ra6 26. Rfd1 Rfa8 27. Rd2
Nf7 28. Bf2 Ne5 29. h4 Ra3 30. Rc2 Nd3 31. Kh2 Kg7 32. Qe3 Qa6 33. Bxc4 bxc4
34. Qd4+ Kh6 35. Qe3+ Kg7 36. Qd4+ Kh6 1/2-1/2

[Event "Campeonato Brasileiro Amador 2015"]
[Site "Esporte Clube Pinheiros, São "]
[Date "2015.04.30"]
[Round "1.45"]
[White "Souza, Gustavo Horokoski D"]
[Black "Brujin, Homero"]
[Result "1-0"]
[WhiteElo "1928"]
[BlackElo "1486"]
[PlyCount "49"]
[EventDate "2015.04.30"]

1. d4 d5 2. c4 c6 3. Nc3 Nf6 4. Bg5 Nbd7 5. e3 g6 6. Nf3 Bg7 7. cxd5 cxd5 8.
Bd3 O-O 9. O-O a6 10. Qb3 Nb6 11. Rac1 Bd7 12. Ne5 Be6 13. Ne2 h6 14. Bf4 Ne4
15. Nxf7 Rxf7 16. Bc7 Qf8 17. Qxb6 Bc8 18. Bxe4 dxe4 19. Qxg6 Bf5 20. Qb6 Bg4
21. Nf4 Rxf4 22. Bxf4 Be2 23. Rfe1 Bd3 24. Rc7 Bxd4 25. Qxd4 1-0

[Event "Campeonato Brasileiro Amador 2015"]
[Site "Esporte Clube Pinheiros, São "]
[Date "2015.04.30"]
[Round "1.46"]
[White "Sato, Claudio Takeshi"]
[Black "Duailibe, Ricardo Miguel"]
[Result "0-1"]
[WhiteElo "1473"]
[BlackElo "1922"]
[PlyCount "62"]
[EventDate "2015.04.30"]

1. e4 e6 2. d4 d5 3. exd5 exd5 4. Qf3 Nf6 5. Bd3 Bg4 6. Qe3+ Be7 7. Nf3 O-O 8.
Ne5 Re8 9. O-O Bd6 10. Nd2 c5 11. c3 Qc7 12. f4 cxd4 13. cxd4 Nc6 14. h3 Nxe5
15. fxe5 Rxe5 16. Qf2 Rh5 17. g3 Bxh3 18. Re1 Ng4 19. Qf3 g6 20. Nf1 Bxf1 21.
Bxf1 Nh2 22. Qg2 Bxg3 23. Be2 Re8 24. Bd2 Bxe1 25. Bxh5 Bxd2 26. Qxd2 Qg3+ 27.
Kh1 gxh5 28. Qxh2 Re1+ 29. Rxe1 Qxe1+ 30. Qg1+ Qxg1+ 31. Kxg1 Kg7 0-1

[Event "Campeonato Brasileiro Amador 2015"]
[Site "Esporte Clube Pinheiros, São "]
[Date "2015.04.30"]
[Round "1.47"]
[White "Borges, Fernando"]
[Black "Camargo, Luca Oshiro"]
[Result "1-0"]
[WhiteElo "1916"]
[BlackElo "1467"]
[PlyCount "45"]
[EventDate "2015.04.30"]

1. e4 c5 2. Nf3 a6 3. g3 e6 4. d3 Nc6 5. Bg2 Be7 6. Qe2 d6 7. Nbd2 b5 8. c3 Bb7
9. O-O Nf6 10. Re1 O-O 11. Nf1 Qc7 12. a3 a5 13. d4 c4 14. Ng5 h6 15. Nh3 d5
16. e5 Ne4 17. Qg4 Kh7 18. f3 Ng5 19. Bxg5 Bxg5 20. Nxg5+ hxg5 21. Qh5+ Kg8 22.
Qxg5 b4 23. Ne3 1-0

[Event "Campeonato Brasileiro Amador 2015"]
[Site "Esporte Clube Pinheiros, São "]
[Date "2015.04.30"]
[Round "1.48"]
[White "Felix, Luiza De Oliveira"]
[Black "Medeiros, Thauane Ferreira"]
[Result "0-1"]
[WhiteElo "1464"]
[BlackElo "1911"]
[PlyCount "38"]
[EventDate "2015.04.30"]

1. e4 c5 2. Nf3 Nc6 3. d4 cxd4 4. Nxd4 g6 5. Be3 Bg7 6. Nc3 Nf6 7. Qd2 O-O 8.
f3 d5 9. Nxc6 bxc6 10. O-O-O Qa5 11. exd5 Rb8 12. dxc6 Qb4 13. Nb5 Rxb5 14.
Bxb5 Qxb5 15. c7 Ne4 16. c4 Qxc4+ 17. Qc2 Nd6 18. Bxa7 Bh6+ 19. Kb1 Bf5 0-1

[Event "Campeonato Brasileiro Amador 2015"]
[Site "Esporte Clube Pinheiros, São "]
[Date "2015.04.30"]
[Round "1.49"]
[White "Almeida Junior, Alvaro Alves D"]
[Black "Sato, Leticia Miho"]
[Result "1-0"]
[WhiteElo "1906"]
[BlackElo "1403"]
[PlyCount "81"]
[EventDate "2015.04.30"]

1. e4 e5 2. Nf3 Nf6 3. Nxe5 d6 4. Nc4 Nxe4 5. d4 d5 6. Ne3 Be7 7. Bd3 Nf6 8.
O-O O-O 9. c4 c6 10. cxd5 cxd5 11. Nc3 Be6 12. Qb3 Qb6 13. Ncxd5 Qd6 14. Nxe7+
Qxe7 15. d5 Bc8 16. Bd2 Rd8 17. Rfe1 Qd6 18. Rac1 Nbd7 19. Bb4 Qb6 20. Qc3 Nf8
21. Ba5 Qd6 22. Bxd8 Qxd8 23. Qc7 Qxc7 24. Rxc7 b6 25. Bb5 a6 26. Bc6 Rb8 27.
Nc4 Bd7 28. Bxd7 N8xd7 29. d6 h6 30. Kf1 Rd8 31. Re7 Kf8 32. b4 Kg8 33. a4 Rb8
34. Rexd7 Nxd7 35. Rxd7 g6 36. Ne5 Rc8 37. Rxf7 Rd8 38. d7 g5 39. Re7 Kf8 40.
Ng6+ Kg8 41. Re8+ 1-0

[Event "Campeonato Brasileiro Amador 2015"]
[Site "Esporte Clube Pinheiros, São "]
[Date "2015.04.30"]
[Round "1.50"]
[White "Ferreira, Renato Luis Bueloni"]
[Black "Felix, Raimundo Nascimento"]
[Result "0-1"]
[WhiteElo "1371"]
[BlackElo "1905"]
[PlyCount "78"]
[EventDate "2015.04.30"]

1. e4 c5 2. Nf3 g6 3. d4 Bg7 4. Be3 Qb6 5. b3 d6 6. Na3 Qb4+ 7. Qd2 Qxa3 8.
Bb5+ Bd7 9. Bxd7+ Nxd7 10. O-O Ngf6 11. Qd3 O-O 12. h3 Qa6 13. Qxa6 bxa6 14.
dxc5 Nxe4 15. Rad1 Nexc5 16. Bxc5 Nxc5 17. Rfe1 Bf6 18. g3 Rac8 19. c4 a5 20.
Re3 a6 21. a4 Rb8 22. Rb1 Nxa4 23. Nd2 Nc5 24. Ne4 Nxe4 25. Rxe4 Rb4 26. Re2
Rfb8 27. Ra2 a4 28. h4 axb3 29. Rxa6 Rxc4 30. Kg2 b2 31. Ra2 Rc1 32. Rbxb2 Rxb2
33. Ra8+ Kg7 34. Ra4 Rd2 35. Rf4 Bd4 36. g4 Rcc2 37. Kg3 Bxf2+ 38. Kf3 Rc3+ 39.
Kg2 Bc5+ 0-1

[Event "Campeonato Brasileiro Amador 2015"]
[Site "Esporte Clube Pinheiros, São "]
[Date "2015.04.30"]
[Round "1.51"]
[White "Silva, Alexandre Freitas S"]
[Black "Hoshino, Meilin"]
[Result "1-0"]
[WhiteElo "1903"]
[BlackElo "1361"]
[PlyCount "63"]
[EventDate "2015.04.30"]

1. e4 c5 2. Nf3 e6 3. Nc3 a6 4. d4 cxd4 5. Nxd4 b5 6. Bd3 Bb7 7. O-O d6 8. Qe2
Nd7 9. f4 Be7 10. Kh1 Qc7 11. Nb3 Ngf6 12. Be3 O-O 13. Rae1 Rac8 14. Bg1 Qc6
15. Na5 Qc7 16. Nxb7 Qxb7 17. e5 Nd5 18. Bxh7+ Kxh7 19. Qh5+ Kg8 20. Rf3 Nxf4
21. Rxf4 dxe5 22. Rf3 Nf6 23. Qxe5 Rfd8 24. Qg3 Rd2 25. Be3 Rxc2 26. Bh6 g6 27.
Rxe6 Rc6 28. Rfxf6 Bxf6 29. Re8+ Kh7 30. Qh3 Rc5 31. Bg5+ Kg7 32. Qh6# 1-0

[Event "Campeonato Brasileiro Amador 2015"]
[Site "Esporte Clube Pinheiros, São "]
[Date "2015.04.30"]
[Round "1.52"]
[White "Lukjanenko Callegari, Lucca"]
[Black "Ikejiri, Daniel Yoshito"]
[Result "0-1"]
[WhiteElo "1320"]
[BlackElo "1881"]
[PlyCount "86"]
[EventDate "2015.04.30"]

1. b3 d5 2. Bb2 Nf6 3. Nf3 Bf5 4. e3 e6 5. c4 c6 6. Be2 h6 7. O-O Nbd7 8. d3
Be7 9. Nh4 Bh7 10. f4 O-O 11. Nd2 Bc5 12. Rf3 Ng4 13. Nf1 Qxh4 14. Rh3 Qf2+ 15.
Kh1 Bxe3 16. Nxe3 Nxe3 17. Qg1 Qxg1+ 18. Kxg1 d4 19. Re1 c5 20. Rg3 f6 21. a3
e5 22. fxe5 Nxe5 23. Bc1 Bxd3 24. Bxe3 dxe3 25. Rxe3 Bxe2 26. R1xe2 Rfd8 27. h3
Rd7 28. b4 Rc8 29. Rc2 cxb4 30. axb4 Rxc4 31. Rxc4 Nxc4 32. Re8+ Kf7 33. Ra8 a6
34. g4 Ne5 35. Ra7 Ke6 36. Kf2 Nd3+ 37. Ke3 Nxb4 38. Ke4 Rd4+ 39. Kxd4 Nc6+ 40.
Kc5 Nxa7 41. Kb6 g6 42. Kxa7 b5 43. Kxa6 b4 0-1

[Event "Campeonato Brasileiro Amador 2015"]
[Site "Esporte Clube Pinheiros, São "]
[Date "2015.04.30"]
[Round "1.53"]
[White "Pereira, Jorge Luiz Rodrigue"]
[Black "Sato, Luiz Henrique Yuzo "]
[Result "1-0"]
[WhiteElo "1875"]
[BlackElo "1240"]
[PlyCount "123"]
[EventDate "2015.04.30"]

1. d4 Nf6 2. c4 e6 3. Nf3 b6 4. a3 Bb7 5. g3 Be7 6. Bg2 d6 7. Nc3 Nbd7 8. O-O
O-O 9. Re1 e5 10. dxe5 dxe5 11. Nxe5 Nxe5 12. Bxb7 Rb8 13. Bd5 Qd7 14. Bf4 c6
15. Bxe5 Rbd8 16. Bxf6 Bxf6 17. Bg2 Qe6 18. Qa4 Rd4 19. Qxc6 Qxc6 20. Bxc6 Rxc4
21. Bd5 Rxc3 22. bxc3 Bxc3 23. Rac1 Bxe1 24. Rxe1 Rd8 25. Rd1 Kf8 26. Bb3 Rc8
27. Rd7 Rc1+ 28. Kg2 Rc3 29. Rxf7+ Ke8 30. Rf3 Rc5 31. e4 Ke7 32. Rf7+ Kd6 33.
Rxa7 Rc3 34. Bd5 Ke5 35. Rb7 Rxa3 36. Rxb6 Ra7 37. Rb7 Rxb7 38. Bxb7 h6 39. f4+
Kf6 40. e5+ Ke7 41. f5 Kf7 42. Bd5+ Ke7 43. Kf3 Kd7 44. f6 gxf6 45. exf6 Ke8
46. Kg4 Kf8 47. Kh5 Ke8 48. Kxh6 Kf8 49. Kg6 Ke8 50. Kg7 Kd7 51. f7 Kd6 52.
f8=Q+ Kxd5 53. Qe7 Kc6 54. h4 Kd5 55. h5 Kc6 56. h6 Kd5 57. h7 Kc6 58. h8=Q Kd5
59. Qhd8+ Kc6 60. Qec7+ Kb5 61. Qdb8+ Ka6 62. Qca7# 1-0

[Event "Campeonato Brasileiro Amador 2015"]
[Site "Esporte Clube Pinheiros, São "]
[Date "2015.04.30"]
[Round "1.54"]
[White "Ferreira, Ana Luiza Cassoni B"]
[Black "Vescovi, Katherine Lemos"]
[Result "0-1"]
[WhiteElo "1218"]
[BlackElo "1865"]
[PlyCount "52"]
[EventDate "2015.04.30"]

1. e4 c5 2. Nf3 d6 3. d4 cxd4 4. Nxd4 Nf6 5. Nc3 a6 6. f3 e5 7. Nb3 Be6 8. Be3
b5 9. a3 Nbd7 10. Qd2 Be7 11. g4 Nb6 12. Bxb6 Qxb6 13. Be2 O-O 14. h4 Rac8 15.
O-O-O Rfd8 16. Kb1 d5 17. Qg5 d4 18. Nd5 Nxd5 19. Qd2 Ne3 20. Rc1 b4 21. axb4
Bxb4 22. c3 dxc3 23. Qxd8+ Rxd8 24. Na1 cxb2 25. Kxb2 Bd2+ 26. Ka3 Qb4# 0-1

[Event "Campeonato Brasileiro Amador 2015"]
[Site "Esporte Clube Pinheiros, SÃ£o P"]
[Date "2015.05.01"]
[Round "2.1"]
[White "Duailibe, Ricardo Miguel"]
[Black "Campos, Igor Ribeiro"]
[Result "0-1"]
[WhiteElo "1922"]
[BlackElo "2182"]
[PlyCount "36"]
[EventDate "2015.04.30"]

1. e4 e6 2. d4 d5 3. Nc3 Nf6 4. e5 Nfd7 5. f4 c5 6. Nf3 Nc6 7. Be3 a6 8. Qd2
Be7 9. dxc5 Nxc5 10. Nd4 O-O 11. Qf2 Qa5 12. O-O-O Bd7 13. Kb1 Rac8 14. Nb3
Nxb3 15. cxb3 d4 16. Bxd4 Nxd4 17. Qxd4 Bc6 18. Ne4 Bc5 0-1